000 01237nam a2200325 a 4500
001 000109541
003 CHAP
005 20220329144054.0
008 140508s2014 mx sm |||||||spa d
010 _a106003
011 _a106975
040 _cCHAP
090 _aTesis
100 1 _aJiménez Ruíz, Eddi Feliciano
_9126787
245 1 0 _aDesarrollo de una metodología para elaborar miel a base de raíces tuberosas de tres especies de dalia (Dahlia spp.)
_h[En línea]
_cpor Eddi Feliciano Jiménez Ruíz.
260 _aChapingo, Méx. :
_bEl autor,
_c2014.
500 _aPara ver el contenido del material haga clic en la liga
502 _aTesis (Ing. Agr. Esp. en Agroindustrial)-- UACH. Departamento de Ingeniería Agroindustrial
590 _aBATCH-UPD
_b05
_c20140508
_lUCH01
_h1230
590 _aBATCH-UPD
_b05
_c20141002
_lUCH01
_h0903
590 _aE5765TAJ
_b05
_c20140508
_lUCH01
_h1229
590 _aE5765TAJ
_b05
_c20140508
_lUCH01
_h1229
650 1 4 _aDalia
_xSubproductos.
_9126790
650 1 4 _aMiel de raices
_xAnálisis.
_9126789
650 1 4 _aMiel de raices
_xElaboración.
_9126788
856 _aFinding aid
_uhttp://10.13.5.2/tesis/sist109541.pdf
_zTeclea aquí
901 _aBK
942 _cTESIS
942 _n0
999 _c106003
_d106003